The great controversy between Christ and Satan : (Record no. 5044)
[ view plain ]
| 000 -LEADER | |
|---|---|
| fixed length control field | 00899nam a2200253Ia 4500 |
| 001 - CONTROL NUMBER | |
| control field | 8815630 |
| 003 - CONTROL NUMBER IDENTIFIER | |
| control field | OSt |
| 005 - DATE AND TIME OF LATEST TRANSACTION | |
| control field | 20181219172740.0 |
| 008 - FIXED-LENGTH DATA ELEMENTS--GENERAL INFORMATION | |
| fixed length control field | 820929s1950 cau 00110 eng d |
| 040 ## - CATALOGING SOURCE | |
| Original cataloging agency | LSM |
| Transcribing agency | LSM |
| Modifying agency | OCL |
| 050 ## - LIBRARY OF CONGRESS CALL NUMBER | |
| Classification number | BX6111 |
| Item number | .W57 1950 |
| 082 ## - DEWEY DECIMAL CLASSIFICATION NUMBER | |
| Classification number | 286.7 |
| Item number | W582G |
| 100 10 - MAIN ENTRY--PERSONAL NAME | |
| Personal name | White, Ellen Gould Harmon, |
| Dates associated with a name | 1827-1915 |
| 240 00 - UNIFORM TITLE | |
| Uniform title | Spirit of prophecy |
| 245 14 - TITLE STATEMENT | |
| Title | The great controversy between Christ and Satan : |
| Remainder of title | the conflict of the ages in Christian dispensation / |
| Statement of responsibility, etc. | by Ellen G. White |
| 260 0# - PUBLICATION, DISTRIBUTION, ETC. | |
| Place of publication, distribution, etc. | Mountain View, Calif. : |
| Name of publisher, distributor, etc. | Pacific Press Pub. Association, |
| Date of publication, distribution, etc. | c1950 |
| 300 ## - PHYSICAL DESCRIPTION | |
| Extent | 719 p. ; |
| Dimensions | 22 cm |
| 490 1# - SERIES STATEMENT | |
| Series statement | Conflict of the ages series ; |
| Volume/sequential designation | v. 5 |
| 500 ## - GENERAL NOTE | |
| General note | Published, 1870-78, under title: The spirit of prophecy |
| 500 ## - GENERAL NOTE | |
| General note | Includes index |
| 650 20 - SUBJECT ADDED ENTRY--TOPICAL TERM | |
| Topical term or geographic name entry element | Seventh-Day Adventists |
| General subdivision | Controversial literature |
| 830 #0 - SERIES ADDED ENTRY--UNIFORM TITLE | |
| Uniform title | Conflict of the ages series ; |
| Volume/sequential designation | v. 5 |
| 942 ## - ADDED ENTRY ELEMENTS (KOHA) | |
| Source of classification or shelving scheme | Dewey Decimal Classification |
| Koha item type | Books |
No items available.
